Normal view
MARC view
- Multimedia
Entry Topical Term
001 - CONTROL NUMBER
- control field: 43195
003 - CONTROL NUMBER IDENTIFIER
- control field: OSt
005 - DATE AND TIME OF LATEST TRANSACTION
- control field: 20210422143714.0
008 - FIXED-LENGTH DATA ELEMENTS
- fixed length control field: 210422|| aca||aabn | a|a d
040 ## - CATALOGING SOURCE
- Original cataloging agency: OSt
- Transcribing agency: OSt
150 ## - HEADING--TOPICAL TERM
- Topical term or geographic name entry element: Multimedia
- General subdivision: Teaching strategy.
670 ## - SOURCE DATA FOUND
- Source citation: Work cat.: (OSt): Mayora, Carlos A. 43194, Integrating multimedia technology in a high school EFL program/, c2006-2008.
